| 000 | 00920cam a2200325 a 4500 | ||
|---|---|---|---|
| 001 | 55331 | ||
| 005 | 20230410132602.0 | ||
| 008 | 050310s2004 bl a 000 p por c | ||
| 010 | _a 2006313051 | ||
| 035 | _a(OCoLC)ocm58438241 | ||
| 040 |
_aTJC _cTJC _dUBY _dPL# _dIXA _dDLC |
||
| 020 | _a8575311409 | ||
| 020 | _a9788575311400 | ||
| 035 | _a(OCoLC)58438241 | ||
| 042 | _apcc | ||
| 050 | 1 | 4 |
_aPQ9698.24.E5 _bN338 2004 |
| 049 | _aGRAL | ||
| 100 | 1 | _aNejar, Carlos. | |
| 245 | 1 | 0 |
_aTratado de bom governo / _cCarlos Nejar. |
| 260 |
_aSäo Paulo, SP : _bEscrituras, _c[2004] |
||
| 300 |
_a174 p. : _bill. ; _c20 cm. |
||
| 500 | _aA book-length poem. | ||
| 650 | 0 | _aBrazilian poetry. | |
| 653 |
_aPoesía brasileña _aSiglo XX. |
||
| 653 |
_aLiteratura brasileña _aPoesía _aSiglo XX. |
||
| 938 |
_aPuvill Libros _bPUVL _n8575311409 _c$24.08 |
||
| 942 |
_2lcc _cbk |
||
| 946 | _aclperez | ||
| 994 |
_aC0 _bDRFGD |
||
| 999 |
_c84142 _d84142 |
||